[Event "Geneve Bois Gentil op"]
[Site "Geneve"]
[Date "2020.01.10"]
[Round "1"]
[White "Champoud, Gilles"]
[Black "Sadeghi, Purya"]
[Result "0-1"]
[WhiteElo "1529"]
[BlackElo "1777"]
[PlyCount "70"]
[EventDate "2020.01.10"]
[EventType "swiss"]
[EventRounds "7"]
[EventCountry "SUI"]
[SourceTitle "CBM 195 Extra"]
[Source "ChessBase"]
[SourceDate "2020.05.31"]
[SourceVersion "1"]
[SourceVersionDate "2020.05.31"]
[SourceQuality "1"]

1. e4 e6 2. d4 d5 3. Nc3 Nf6 4. Bg5 Be7 5. exd5 exd5 6. Nf3 0-0 7. Qd3 c6 8. 0-0-0 b5 9. h4 b4 10. Ne2 h6 11. Bxf6 Bxf6 12. Nf4 Bg4 13. Be2 Qd6 14. g3 Nd7 15. Kb1 a5 16. Rde1 a4 17. Nh2 Bxe2 18. Rxe2 Bxh4 19. Ng4 Bg5 20. Nh5 Qg6 21. f4 Qxd3 22. cxd3 Bd8 23. Nxg7 Kxg7 24. Rxh6 Nf6 25. Rh4 Nxg4 26. Rxg4+ Kf6 27. Re5 Bb6 28. Rgg5 Rg8 29. Rgf5+ Kg7 30. Re7 Rgf8 31. g4 Bxd4 32. Rg5+ Kf6 33. Rc7 Rac8 34. Rd7 Ke6 35. Rb7 Rb8 0-1

[Event "Geneve Bois Gentil op"]
[Site "Geneve"]
[Date "2019.03.01"]
[Round "7"]
[White "Longepierre, Chloe"]
[Black "Champoud, Gilles"]
[Result "1/2-1/2"]
[WhiteElo "1740"]
[BlackElo "1553"]
[PlyCount "93"]
[EventDate "2019.01.11"]
[EventType "swiss"]
[EventRounds "7"]
[EventCountry "SUI"]
[SourceTitle "CBM 189 Extra"]
[Source "ChessBase"]
[SourceDate "2019.05.31"]
[SourceVersion "1"]
[SourceVersionDate "2019.05.31"]
[SourceQuality "1"]

1. d4 d5 2. c4 e6 3. Nf3 Nf6 4. Bg5 Be7 5. Nc3 0-0 6. cxd5 exd5 7. Qb3 c6 8. e3 Qc7 9. Bd3 Be6 10. Qc2 g6 11. h3 Nbd7 12. 0-0 Rac8 13. e4 dxe4 14. Nxe4 a6 15. Rfe1 Rfe8 16. Bf4 Qb6 17. Nd6 Bxd6 18. Bxd6 Bd5 19. Ne5 Qxd4 20. Nxd7 Nxd7 21. Rad1 Rxe1+ 22. Rxe1 Bxg2 23. Kxg2 Qxd6 24. Bc4 Ne5 25. Bb3 Qf6 26. Re3 Qd6 27. Qe2 Nd7 28. Re8+ Rxe8 29. Qxe8+ Kg7 30. Qxf7+ Kh6 31. Qc4 Nc5 32. Qh4+ Kg7 33. Qb4 Qf8 34. Qd4+ Kh6 35. Qe3+ Kg7 36. Qe5+ Kh6 37. Bc2 Nd7 38. Qe3+ Kg7 39. Qd4+ Nf6 40. Qe5 Kh6 41. Qc7 Qb4 42. Qe5 Nd5 43. Bb3 Nf4+ 44. Kh2 Nd3 45. Qe3+ Qf4+ 46. Qxf4+ Nxf4 47. Bc2 1/2-1/2

[Event "Geneve Bois Gentil op"]
[Site "Geneve"]
[Date "2019.01.11"]
[Round "1"]
[White "Rincon, Jose Maria"]
[Black "Champoud, Gilles"]
[Result "1-0"]
[WhiteElo "1881"]
[BlackElo "1553"]
[PlyCount "51"]
[EventDate "2019.01.11"]
[EventType "swiss"]
[EventRounds "7"]
[EventCountry "SUI"]
[SourceTitle "CBM 189 Extra"]
[Source "ChessBase"]
[SourceDate "2019.05.31"]
[SourceVersion "1"]
[SourceVersionDate "2019.05.31"]
[SourceQuality "1"]

1. e4 Nf6 2. e5 Nd5 3. d4 d6 4. exd6 exd6 5. c4 Nf6 6. Bd3 Be7 7. h3 Nc6 8. Nf3 Nb4 9. Qa4+ Nc6 10. d5 Bd7 11. dxc6 Bxc6 12. Qd1 0-0 13. 0-0 d5 14. Ne5 dxc4 15. Nxc6 bxc6 16. Bxc4 Bd6 17. Nc3 Qd7 18. Qf3 Rab8 19. Re1 Rb4 20. b3 Rb6 21. Bg5 Ne8 22. Rad1 Qc8 23. Be3 c5 24. Nd5 Rb8 25. Bg5 c6 26. Ne7+ 1-0

[Event "Bois Gentil op"]
[Site "Geneve"]
[Date "2017.01.27"]
[Round "3"]
[White "Wehrli, Tobias"]
[Black "Champoud, Gilles"]
[Result "1-0"]
[WhiteElo "1771"]
[BlackElo "1559"]
[PlyCount "39"]
[EventDate "2017.01.13"]
[EventType "swiss"]
[EventRounds "7"]
[EventCountry "SUI"]
[SourceTitle "EXT 2018"]
[Source "ChessBase"]
[SourceDate "2017.10.13"]
[SourceVersion "1"]
[SourceVersionDate "2017.10.13"]
[SourceQuality "1"]

1. e4 b6 2. d4 Bb7 3. Nc3 d6 4. f4 Nd7 5. Nf3 e6 6. Bd3 Be7 7. 0-0 Ngf6 8. e5 dxe5 9. fxe5 Ng4 10. Qe1 Bxf3 11. Rxf3 f5 12. exf6 Ndxf6 13. Bb5+ Kf7 14. Ne4 Qxd4+ 15. Kh1 Qe5 16. Ng5+ Kg8 17. Bf4 Qxe1+ 18. Rxe1 Rd8 19. Nxe6 Rd2 20. Bxd2 1-0

[Event "Bois Gentil op"]
[Site "Geneve"]
[Date "2015.01.16"]
[Round "2"]
[White "Champoud, Gilles"]
[Black "Obradovic, Goran"]
[Result "0-1"]
[WhiteElo "1520"]
[BlackElo "1773"]
[PlyCount "110"]
[EventDate "2015.01.09"]
[EventType "swiss"]
[EventRounds "7"]
[EventCountry "SUI"]
[SourceTitle "EXT 2016"]
[Source "ChessBase"]
[SourceDate "2015.10.08"]
[SourceVersion "1"]
[SourceVersionDate "2015.10.08"]
[SourceQuality "1"]

1. e4 e5 2. Nf3 Nc6 3. Bc4 Bc5 4. b4 Bxb4 5. c3 Be7 6. d4 exd4 7. Qb3 Nh6 8. Bxh6 gxh6 9. Bxf7+ Kf8 10. Bh5 d5 11. Nxd4 Nxd4 12. cxd4 c6 13. Nc3 Qb6 14. Qd1 dxe4 15. Nxe4 Bb4+ 16. Nd2 Be6 17. Qf3+ Ke7 18. Qe3 Kd7 19. 0-0 Bxd2 20. Qxd2 Raf8 21. Qxh6 c5 22. Qg7+ Kc8 23. Rab1 Qc6 24. Rfc1 c4 25. Bf3 Bd5 26. Qg4+ Kb8 27. Bxd5 Qxd5 28. Qg7 Rhg8 29. Qe5+ Qxe5 30. dxe5 Rc8 31. f4 a6 32. a4 Rc5 33. Kf2 b5 34. axb5 axb5 35. Ke3 Rxg2 36. Kd4 Rc6 37. Rxb5+ Kc7 38. h3 c3 39. f5 c2 40. Rb2 Rh2 41. e6 Kd6 42. Rb3 Rd2+ 43. Ke4 Ke7 44. Rb2 Kf6 45. Ke3 Rh2 46. Ke4 Rxh3 47. Rcxc2 Rh4+ 48. Kd5 Rxc2 49. Rxc2 Ra4 50. Rh2 Kxf5 51. e7 Ra5+ 52. Kd6 Ra6+ 53. Kd7 Ra7+ 54. Ke8 Ke6 55. Rxh7 Ra8# 0-1

[Event "Lugano New op 7th"]
[Site "Lugano"]
[Date "2013.04.01"]
[Round "6"]
[White "Champoud, Gilles"]
[Black "Schneider, Antonio"]
[Result "0-1"]
[WhiteElo "1507"]
[BlackElo "1871"]
[PlyCount "120"]
[EventDate "2013.03.29"]
[EventType "swiss"]
[EventRounds "6"]
[EventCountry "SUI"]
[SourceTitle "CBM 153 Extra"]
[Source "ChessBase"]
[SourceDate "2013.04.22"]
[SourceVersion "1"]
[SourceVersionDate "2013.04.22"]
[SourceQuality "1"]

1. e4 g6 2. Nf3 Bg7 3. d4 d6 4. Be3 Nf6 5. Bd3 Bg4 6. Nbd2 Nbd7 7. c3 0-0 8. 0-0 e5 9. Qc2 Re8 10. Bc4 Bxf3 11. Nxf3 exd4 12. Bxd4 c5 13. Be3 Nb6 14. Bd5 Nfxd5 15. exd5 Qe7 16. Rad1 Nc4 17. Bg5 Qf8 18. Bf4 h6 19. Qb3 Nb6 20. Bg3 g5 21. a4 Rab8 22. a5 Na8 23. Qb5 f5 24. h4 f4 25. Bh2 g4 26. Nd2 Qf7 27. Nc4 Red8 28. Rfe1 Nc7 29. Nxd6 Rxd6 30. Qxc5 Rbd8 31. Qxa7 Nxd5 32. Qc5 Rg6 33. Bxf4 Qxf4 34. Rxd5 Rf8 35. g3 Qb8 36. Qc4 Kh8 37. Qe4 Rgf6 38. Rd2 Qc8 39. Rde2 h5 40. Qd5 Rf5 41. Qe4 Qc5 42. Qb4 Qc6 43. Qe4 Qc7 44. Qe7 Qxa5 45. Qxb7 Bf6 46. Qb4 Qxb4 47. cxb4 Bd4 48. Rf1 R8f7 49. Kg2 Kg7 50. Rd2 Bb6 51. f3 gxf3+ 52. Kh3 f2 53. g4 Rf3+ 54. Kg2 hxg4 55. Rd5 Be3 56. b5 Rh3 57. h5 Rff3 58. Rd7+ Kf6 59. Rxf2 Rxf2+ 60. Kg1 Rd2+ 0-1

[Event "Lugano New op 7th"]
[Site "Lugano"]
[Date "2013.03.30"]
[Round "2"]
[White "Champoud, Gilles"]
[Black "Hajnal, Zoltan"]
[Result "0-1"]
[WhiteElo "1507"]
[BlackElo "2349"]
[PlyCount "58"]
[EventDate "2013.03.29"]
[EventType "swiss"]
[EventRounds "6"]
[EventCountry "SUI"]
[SourceTitle "CBM 153 Extra"]
[Source "ChessBase"]
[SourceDate "2013.04.22"]
[SourceVersion "1"]
[SourceVersionDate "2013.04.22"]
[SourceQuality "1"]

1. e4 e5 2. Nf3 Nc6 3. Bc4 Bc5 4. b4 Bb6 5. c3 Nf6 6. Qb3 0-0 7. d4 exd4 8. e5 Qe7 9. 0-0 Nxe5 10. Nxd4 Nxc4 11. Qxc4 d5 12. Qd3 Qe4 13. Qe3 Bd7 14. Re1 Rfe8 15. Bd2 a5 16. Qxe4 Nxe4 17. bxa5 Bxa5 18. Rc1 c5 19. Nb3 Bc7 20. f3 c4 21. Nd4 Nc5 22. a3 Be5 23. Ra2 Bxd4+ 24. cxd4 Nb3 25. Re1 Nxd2 26. Rxe8+ Rxe8 27. Nxd2 c3 28. Nb3 Re1+ 29. Kf2 Rb1 0-1